[Event "18. Sparkassen Open 2019 - Gruppe A"]
[Site "Forchheim"]
[Date "2019.10.05"]
[Round "3.4"]
[White "Manthey, Frank"]
[Black "Homi, Joseph"]
[Result "0-1"]
[WhiteElo "2058"]
[BlackElo "1997"]
[PlyCount "179"]
[EventDate "2019.??.??"]
[WhiteTeam "SK Schwanstetten 79 e.V."]
[BlackTeam "SGem 1882 Fürth"]

1. e4 c6 2. Nc3 d5 3. Nf3 dxe4 4. Nxe4 Nf6 5. Nxf6+ exf6 6. Bc4 Be6 7. Qe2 Qd7
8. O-O Be7 9. Bb3 Bxb3 10. axb3 c5 11. d4 O-O 12. Rd1 Qc7 13. Qe4 Nc6 14. Bf4
Bd6 15. Bxd6 Qxd6 16. dxc5 Qxc5 17. Rd5 Qb6 18. Rh5 g6 19. Rh3 Kg7 20. Qf4 h5
21. g4 Qb4 22. Qxb4 Nxb4 23. gxh5 Nxc2 24. Ra4 b5 25. h6+ Kg8 26. Rf4 f5 27.
Rg3 Kh7 28. Ne5 Rae8 29. Nd7 Re1+ 30. Kg2 Rd8 31. Nf6+ Kxh6 32. Rh4+ Kg7 33.
Nh5+ Kf8 34. Nf4 Rdd1 35. Rh8+ Kg7 36. Ra8 Rg1+ 37. Kh3 Rxg3+ 38. hxg3 Rd7 39.
Ne2 Nd4 40. Nxd4 Rxd4 41. Rxa7 Rd3 42. Re7 Kf6 43. Re2 Rxb3 44. Kg2 f4 45. gxf4
Kf5 46. f3 Kxf4 47. Re4+ Kg5 48. Re2 f5 49. Kg3 f4+ 50. Kf2 Kf5 51. Kg2 Kg5 52.
Kf2 Kh4 53. Rc2 g5 54. Rd2 Kh3 55. Rc2 b4 56. Rd2 g4 57. fxg4 Kxg4 58. Kg2 Rg3+
59. Kf1 Rh3 60. Rd4 b3 61. Rb4 Re3 62. Kf2 Rf3+ 63. Ke1 Kg3 64. Rb8 Re3+ 65.
Kf1 f3 66. Rg8+ Kf4 67. Rf8+ Ke4 68. Re8+ Kd3 69. Rc8 Kd4 70. Rd8+ Kc4 71. Rc8+
Kd3 72. Rc7 Kd2 73. Kf2 Rd3 74. Rc8 Kd1 75. Rc7 Rd2+ 76. Kxf3 Rxb2 77. Rb7 Rb1
78. Ke3 Kc2 79. Rc7+ Kb2 80. Kd2 Rh1 81. Rb7 Rh5 82. Kd3 Ka2 83. Ra7+ Kb1 84.
Kc3 b2 85. Kd2 Rh8 86. Ra6 Rd8+ 87. Ke2 Rd5 88. Ke3 Kc2 89. Rc6+ Kb3 90. Rb6+
0-1

[Event "18. Sparkassen Open 2019 - Gruppe A"]
[Site "Forchheim"]
[Date "2019.10.05"]
[Round "3.5"]
[White "Kolb, Tobias"]
[Black "Englert, Jon"]
[Result "1/2-1/2"]
[WhiteElo "2073"]
[BlackElo "2072"]
[PlyCount "58"]
[EventDate "2019.??.??"]
[WhiteTeam "SV Seubelsdorf e.V."]
[BlackTeam "TV-Großostheim 1900 e.V."]

1. e4 c5 2. Nc3 Nc6 3. g3 Rb8 4. Bg2 b5 5. d3 b4 6. Nce2 e6 7. f4 d5 8. f5 d4
9. fxe6 fxe6 10. Nf4 Nf6 11. Nh5 Nxh5 12. Qxh5+ g6 13. Qe2 e5 14. Nh3 Bg7 15.
O-O h6 16. Bd2 Be6 17. Kh1 Rb7 18. Ng1 Rf7 19. Rxf7 Bxf7 20. Bh3 O-O 21. Nf3
Kh7 22. Kg2 Qd6 23. b3 Nd8 24. a3 Qa6 25. Qe1 bxa3 26. Qc1 a2 27. Qb2 Qf6 28.
Rf1 Qa6 29. Ra1 Qf6 1/2-1/2

[Event "18. Sparkassen Open 2019 - Gruppe A"]
[Site "Forchheim"]
[Date "2019.10.05"]
[Round "3.6"]
[White "Bunk, Karsten"]
[Black "Hilverda, Alexander"]
[Result "0-1"]
[WhiteElo "2105"]
[BlackElo "2301"]
[PlyCount "70"]
[EventDate "2019.??.??"]
[WhiteTeam "SC Schwarz-Weiß Nürnberg Süd e.V"]
[BlackTeam "SC Erlangen 48/88"]

1. c4 g6 2. g3 Bg7 3. Bg2 Nf6 4. Nc3 O-O 5. e4 d6 6. Nge2 c5 7. O-O Nc6 8. d3
a6 9. h3 Rb8 10. a4 Ne8 11. Be3 Nd4 12. Rb1 Bd7 13. b4 b6 14. f4 Nc7 15. Bxd4
cxd4 16. Nd5 Na8 17. f5 e6 18. fxe6 fxe6 19. Rxf8+ Qxf8 20. Ndf4 Qe8 21. h4
Bxa4 22. Qd2 Nc7 23. Qa2 Bd7 24. Kh2 Qe7 25. Ng1 Rf8 26. Nf3 Bh6 27. Nh3 Be3
28. e5 Bc6 29. Nhg5 dxe5 30. b5 axb5 31. cxb5 Bd5 32. Qa7 Qc5 33. Ne4 Bxe4 34.
dxe4 d3 35. Qa2 Rxf3 0-1

[Event "18. Sparkassen Open 2019 - Gruppe A"]
[Site "Forchheim"]
[Date "2019.10.05"]
[Round "3.7"]
[White "Liemann, Michael"]
[Black "Böhme, Markus"]
[Result "1/2-1/2"]
[WhiteElo "2188"]
[BlackElo "2089"]
[PlyCount "28"]
[EventDate "2019.??.??"]
[BlackTeam "SC Uttenreuth e.V."]

1. e4 c6 2. d4 d5 3. exd5 cxd5 4. Bd3 Nc6 5. c3 Qc7 6. h3 Nf6 7. Nf3 g6 8. O-O
Bf5 9. Be2 Bg7 10. Bg5 Ne4 11. Be3 O-O 12. Nbd2 Rad8 13. Qb3 Rfe8 14. Rac1 Na5
1/2-1/2

[Event "18. Sparkassen Open 2019 - Gruppe A"]
[Site "Forchheim"]
[Date "2019.10.05"]
[Round "3.8"]
[White "Ochs, Daniel Elias"]
[Black "Kleibel, Uwe"]
[Result "1/2-1/2"]
[WhiteElo "2065"]
[BlackElo "2202"]
[PlyCount "38"]
[EventDate "2019.??.??"]
[WhiteTeam "Wiesbadener SV 1885"]
[BlackTeam "SC Ortenburg 1894 e.V."]

1. d4 Nf6 2. Nf3 e6 3. e3 d5 4. c4 b6 5. b3 Bd6 6. Bd3 Bb7 7. Bb2 O-O 8. O-O
Nbd7 9. Nc3 a6 10. Rc1 Ne4 11. Ne2 Qe7 12. Ng3 f5 13. Qc2 Rac8 14. Qe2 a5 15.
Ne5 c5 16. cxd5 Nxg3 17. hxg3 exd5 18. Nxd7 Qxd7 19. Qh5 g6 1/2-1/2

[Event "18. Sparkassen Open 2019 - Gruppe A"]
[Site "Forchheim"]
[Date "2019.10.05"]
[Round "3.9"]
[White "Löw, Gerald"]
[Black "Adelhütte, Dennis"]
[Result "1-0"]
[WhiteElo "2162"]
[BlackElo "2008"]
[PlyCount "87"]
[EventDate "2019.??.??"]
[WhiteTeam "TSV Bindlach Aktionär"]
[BlackTeam "SC JÄKLECHEMIE Talente Franken e"]

1. c4 e6 2. g3 d5 3. Bg2 c6 4. Qc2 Nf6 5. Nf3 Be7 6. O-O O-O 7. d4 Nbd7 8. Nbd2
b6 9. e4 dxe4 10. Nxe4 Bb7 11. Rd1 Nxe4 12. Qxe4 Qc8 13. Qc2 Nf6 14. c5 Nd5 15.
Bg5 Qc7 16. Bxe7 Qxe7 17. Rac1 Rfd8 18. a3 Rac8 19. h4 h6 20. Ne5 Qf6 21. Nc4
b5 22. Nd6 Rc7 23. Qd2 Qe7 24. Bxd5 exd5 25. Re1 Qf6 26. Ne8 Rxe8 27. Rxe8+ Kh7
28. Qd3+ g6 29. h5 Bc8 30. hxg6+ fxg6 31. Qe3 Bf5 32. Qe5 Qxe5 33. Rxe5 Be4 34.
Rc3 Kg7 35. f3 Bf5 36. g4 Bc8 37. Rce3 Kf6 38. Kf2 a5 39. b3 g5 40. Kg3 Kg6 41.
Re7 Rxe7 42. Rxe7 b4 43. axb4 axb4 44. Rc7 1-0

[Event "18. Sparkassen Open 2019 - Gruppe A"]
[Site "Forchheim"]
[Date "2019.10.05"]
[Round "3.10"]
[White "Braun, Michael"]
[Black "Blum, Frederik"]
[Result "1/2-1/2"]
[WhiteElo "2061"]
[BlackElo "2031"]
[PlyCount "32"]
[EventDate "2019.??.??"]
[WhiteTeam "SG Büchenbach/Roth e.V."]
[BlackTeam "Spvgg Böblingen"]

1. d4 Nf6 2. Bf4 g6 3. Nc3 Bg7 4. e4 d6 5. Qd2 O-O 6. O-O-O Nc6 7. Bh6 e5 8.
dxe5 dxe5 9. f3 Qxd2+ 10. Bxd2 Be6 11. h4 h5 12. Nh3 a6 13. Ng5 Bc8 14. Be3 Bd7
15. Bc5 Rfd8 16. Bc4 Be8 1/2-1/2

[Event "18. Sparkassen Open 2019 - Gruppe A"]
[Site "Forchheim"]
[Date "2019.10.05"]
[Round "3.11"]
[White "Schulz, Lukas"]
[Black "Ulusoy, Tolga"]
[Result "1-0"]
[WhiteElo "2345"]
[BlackElo "2023"]
[PlyCount "109"]
[EventDate "2019.??.??"]
[WhiteTeam "SC Erlangen 48/88"]
[BlackTeam "SC Noris-Tarrasch Nürnberg 1873"]

1. e4 c5 2. Nf3 d6 3. d4 cxd4 4. Nxd4 Nf6 5. Nc3 g6 6. Be2 Bg7 7. Be3 Nc6 8.
Nb3 O-O 9. g4 Be6 10. f4 Rc8 11. O-O a6 12. g5 Ne8 13. Rb1 b5 14. Nd5 Bxd5 15.
exd5 Na5 16. Nd4 Nc4 17. Bf2 Qc7 18. Bg4 Rb8 19. Qe2 Rb7 20. b3 Nb6 21. c4 bxc4
22. bxc4 Na4 23. Rxb7 Qxb7 24. Nc6 e6 25. Nd8 Qe7 26. dxe6 fxe6 27. Qxe6+ Qxe6
28. Nxe6 Rf7 29. Rb1 Re7 30. Nxg7 Nxg7 31. Bf3 Nc3 32. Re1 Rxe1+ 33. Bxe1 Na4
34. Bb4 Nc5 35. Bd5+ Kf8 36. Kg2 Nf5 37. Kf3 Nd4+ 38. Kg4 Nf5 39. Bd2 Ne7 40.
h4 Nf5 41. h5 Ne7 42. Bb4 Nxd5 43. cxd5 Nb7 44. f5 Kf7 45. hxg6+ hxg6 46. fxg6+
Kxg6 47. Kf4 a5 48. Ba3 a4 49. Bb4 Kf7 50. Kf5 Ke7 51. g6 Nd8 52. Bc3 Kf8 53.
Bf6 Nb7 54. Ke6 Kg8 55. Kd7 1-0

[Event "18. Sparkassen Open 2019 - Gruppe A"]
[Site "Forchheim"]
[Date "2019.10.05"]
[Round "3.12"]
[White "Tong, Kevin"]
[Black "Schimmele, Alexander"]
[Result "1-0"]
[WhiteElo "2155"]
[BlackElo "1893"]
[PlyCount "57"]
[EventDate "2019.??.??"]
[WhiteTeam "SC Erlangen 48/88"]
[BlackTeam "SC Neckarsulm e.V."]

1. e4 d6 2. d4 Nf6 3. Nc3 g6 4. Nf3 Bg7 5. h3 O-O 6. Be3 c6 7. a4 Qa5 8. Qd2 e5
9. Be2 b5 10. b4 Qxb4 11. O-O bxa4 12. Rxa4 Qb7 13. dxe5 dxe5 14. Bc5 Re8 15.
Rb1 Qd7 16. Qg5 h6 17. Qe3 Qc7 18. Bb6 axb6 19. Rxa8 Nbd7 20. Nd2 Bb7 21. Rxe8+
Nxe8 22. Na4 b5 23. Nc5 Nxc5 24. Qxc5 Bf8 25. Qa7 Bc8 26. Qa8 Bc5 27. c4 bxc4
28. Rb8 c3 29. Rxc8 1-0

[Event "18. Sparkassen Open 2019 - Gruppe A"]
[Site "Forchheim"]
[Date "2019.10.05"]
[Round "3.13"]
[White "Feldheim, Jonas"]
[Black "Vennemann, Jürgen"]
[Result "1-0"]
[WhiteElo "2095"]
[BlackElo "1949"]
[PlyCount "61"]
[EventDate "2019.??.??"]
[WhiteTeam "Spvgg 1946 e.V. Stetten"]
[BlackTeam "SC Hersbruck"]

1. e4 c6 2. d4 d5 3. Nc3 dxe4 4. Nxe4 Nf6 5. Nxf6+ gxf6 6. Nf3 Bg4 7. Be2 Qc7
8. O-O e6 9. c4 Nd7 10. Nh4 Bxe2 11. Qxe2 O-O-O 12. g3 h5 13. Rd1 Bh6 14. Bxh6
Rxh6 15. d5 f5 16. Qe3 f4 17. Qxa7 fxg3 18. hxg3 Rg8 19. d6 Qb8 20. Qe3 Rh7 21.
b4 Rg4 22. Kh2 Rhg7 23. Nf5 Rh7 24. f3 Nf6 25. d7+ Nxd7 26. fxg4 hxg4+ 27. Kg2
Kc7 28. Qd4 Qe8 29. Nd6 Qe7 30. Nxb7 e5 31. Qa7 1-0

[Event "18. Sparkassen Open 2019 - Gruppe A"]
[Site "Forchheim"]
[Date "2019.10.05"]
[Round "3.14"]
[White "Redzepovic, Irfan"]
[Black "Atkinson, Paul"]
[Result "1-0"]
[WhiteElo "2055"]
[BlackElo "2145"]
[PlyCount "116"]
[EventDate "2019.??.??"]
[WhiteTeam "SC Schwarz-Weiß Nürnberg Süd e.V"]
[BlackTeam "SV Empor Berlin e.V."]

1. d4 f5 2. e4 fxe4 3. Nc3 Nf6 4. Bg5 e6 5. Nxe4 Be7 6. Nxf6+ Bxf6 7. Be3 Qe7
8. c3 b6 9. Qf3 Nc6 10. Qg3 d6 11. Bb5 Bd7 12. Qf3 d5 13. O-O-O O-O 14. Qe2 e5
15. dxe5 Nxe5 16. Bxd7 Qxd7 17. Nh3 Qa4 18. Kb1 Qe4+ 19. Qc2 Qxc2+ 20. Kxc2 c6
21. f3 Rad8 22. Nf4 Rfe8 23. Nh5 Nc4 24. Nxf6+ gxf6 25. Bc1 Re2+ 26. Kb1 Rxg2
27. Rhg1 Rxg1 28. Rxg1+ Kf7 29. Rg4 h5 30. Rh4 Rh8 31. b3 Ne5 32. Ra4 a5 33. f4
Nf3 34. Be3 c5 35. f5 Rg8 36. Rf4 Ne1 37. Rf1 Ng2 38. Bc1 Re8 39. Rf2 Ne1 40.
Bd2 Nd3 41. Rf3 c4 42. Rh3 Rc8 43. bxc4 dxc4 44. Be3 Re8 45. a4 Re5 46. Bxb6
Rxf5 47. Rh4 Ne5 48. Re4 Rf1+ 49. Kb2 Ke6 50. Bxa5 Rf2+ 51. Ka3 Rxh2 52. Bc7
Rg2 53. Bxe5 fxe5 54. Rxc4 Rg4 55. Rc8 Kd7 56. Rh8 Kc6 57. Rh6+ Kc7 58. Rxh5
Rc4 1-0

[Event "18. Sparkassen Open 2019 - Gruppe A"]
[Site "Forchheim"]
[Date "2019.10.05"]
[Round "3.15"]
[White "Kirchner, Markus"]
[Black "Blodig, Stefan"]
[Result "1/2-1/2"]
[WhiteElo "2060"]
[BlackElo "2131"]
[PlyCount "41"]
[EventDate "2019.??.??"]
[WhiteTeam "1.Hainstädter SC 1950"]
[BlackTeam "TV Riedenburg Schach"]

1. e4 e5 2. Nf3 Nc6 3. Bc4 Nf6 4. d4 exd4 5. e5 d5 6. Bb5 Ne4 7. Nxd4 Bd7 8.
Bxc6 bxc6 9. O-O Be7 10. f3 Nc5 11. Be3 O-O 12. f4 f6 13. Nc3 Qe8 14. Nb3 Nxb3
15. axb3 fxe5 16. fxe5 Rxf1+ 17. Kxf1 Qg6 18. Kg1 Kh8 19. Rxa7 Rxa7 20. Bxa7 h6
21. Ne2 1/2-1/2

[Event "18. Sparkassen Open 2019 - Gruppe A"]
[Site "Forchheim"]
[Date "2019.10.05"]
[Round "3.16"]
[White "Mehling, Katharina"]
[Black "von Zimmermann, Georg"]
[Result "0-1"]
[WhiteElo "2020"]
[BlackElo "2051"]
[PlyCount "94"]
[EventDate "2019.??.??"]
[WhiteTeam "Spvgg 1946 e.V. Stetten"]
[BlackTeam "MSA Zugzwang 82 e.V."]

1. d4 Nf6 2. Nc3 d5 3. Bg5 g6 4. Bxf6 exf6 5. e4 dxe4 6. Nxe4 Bg7 7. Nf3 O-O 8.
Be2 b6 9. O-O Bb7 10. Ned2 Nd7 11. c4 f5 12. Qc2 Nf6 13. Rad1 Re8 14. Nb3 Ne4
15. d5 Qf6 16. Nfd4 Rac8 17. f3 Nd6 18. c5 bxc5 19. Qxc5 Re5 20. Qc2 Rxd5 21.
Nc6 Rxd1 22. Rxd1 Bxc6 23. Qxc6 Qe7 24. Qa6 Re8 25. Rd2 Qe3+ 26. Kf1 f4 27. Qd3
Qe7 28. a3 Nf5 29. Kf2 Qg5 30. g4 Qh4+ 31. Kg1 Ne3 32. Bf1 Nxf1 33. Kxf1 Qh3+
34. Rg2 Re3 35. Qd8+ Bf8 36. Nd2 Re1+ 37. Kxe1 Qxg2 38. Qxc7 Qg1+ 39. Ke2 Qxh2+
40. Kd3 Qf2 41. Qxf4 Qb6 42. Nc4 Qd8+ 43. Qd4 Qa8 44. Qf4 Bg7 45. Nd6 Qd5+ 46.
Ke2 Be5 47. Nc8 Qb5+ 0-1

[Event "18. Sparkassen Open 2019 - Gruppe A"]
[Site "Forchheim"]
[Date "2019.10.05"]
[Round "3.17"]
[White "Diller, Peter"]
[Black "Sattler, Stefan"]
[Result "0-1"]
[WhiteElo "2003"]
[BlackElo "2075"]
[PlyCount "196"]
[EventDate "2019.??.??"]
[WhiteTeam "SK Rothenburg e.V."]
[BlackTeam "SK 1911 Herzogenaurach e.V."]

1. e4 e5 2. f4 exf4 3. Nf3 Nf6 4. Nc3 d5 5. e5 Ne4 6. Bb5+ c6 7. Ba4 Bg4 8. O-O
g5 9. Qe1 Nc5 10. d4 Ne6 11. Ne2 Nd7 12. b4 Qb6 13. c3 Bxf3 14. gxf3 Nxe5 15.
Nxf4 gxf4 16. Qxe5 Rg8+ 17. Kh1 Qa6 18. Bxf4 Qxa4 19. Rae1 Qc2 20. Bg3 Rxg3 21.
hxg3 O-O-O 22. Qf6 Qg6 23. Qxg6 hxg6 24. Kg2 b6 25. f4 Kd7 26. f5 gxf5 27. Rxf5
Ke8 28. g4 Be7 29. a3 Rd6 30. Rh1 Nf8 31. Kf3 Ng6 32. Ke3 Re6+ 33. Kd3 b5 34.
g5 Bd6 35. Rhf1 Nh8 36. a4 bxa4 37. Ra1 Ng6 38. Rxa4 Ne7 39. Rf2 Bb8 40. Ra1
Rg6 41. Raf1 Rg7 42. c4 dxc4+ 43. Kxc4 Bd6 44. Ra2 Nc8 45. Rg2 Nb6+ 46. Kb3 Kd7
47. Ra2 Nc8 48. Raf2 Rxg5 49. Rxf7+ Be7 50. R7f3 Rb5 51. Kc3 Bxb4+ 52. Kd3 Nb6
53. Ra1 a5 54. Rf7+ Be7 55. Re1 Nd5 56. Ra1 Rb3+ 57. Kd2 Rb2+ 58. Kd3 Ke6 59.
Rh7 Bb4 60. Rh6+ Kd7 61. Rh7+ Kd6 62. Rg1 Rd2+ 63. Kc4 Nb6+ 64. Kb3 Rxd4 65.
Rh6+ Kc7 66. Rgg6 Rd3+ 67. Ka2 Rd2+ 68. Kb1 Rd6 69. Rh7+ Rd7 70. Rhh6 Bd6 71.
Kc2 a4 72. Kc3 Nd5+ 73. Kc2 Nb4+ 74. Kc3 Bf8 75. Rh3 Nd5+ 76. Kc4 Nf4 77. Rf6
Nxh3 78. Rxf8 Ng5 79. Re8 Nf7 80. Ra8 Ne5+ 81. Kc3 Rd3+ 82. Kc2 Rd4 83. Kc3
Rc4+ 84. Kb2 Kd6 85. Ka3 Nd7 86. Rh8 Nc5 87. Rh5 Re4 88. Rh3 Kd5 89. Rh5+ Kc4
90. Rh6 Re3+ 91. Ka2 Kb5 92. Rh5 Kb4 93. Rh6 Re2+ 94. Kb1 a3 95. Rh4+ Re4 96.
Rh6 Nb3 97. Rh1 Rf4 98. Rg1 Rf1+ 0-1

[Event "18. Sparkassen Open 2019 - Gruppe A"]
[Site "Forchheim"]
[Date "2019.10.05"]
[Round "3.18"]
[White "Kilian, Markus"]
[Black "Maruntis, Patrik-Robert"]
[Result "1-0"]
[WhiteElo "2087"]
[BlackElo "1707"]
[PlyCount "89"]
[EventDate "2019.??.??"]
[WhiteTeam "ESV Lok Meiningen"]
[BlackTeam "MTV Ingolstadt"]

1. d4 Nf6 2. c4 g6 3. Nc3 Bg7 4. e4 d6 5. f3 O-O 6. Be3 c5 7. Nge2 Nc6 8. d5
Ne5 9. Ng3 h5 10. Be2 h4 11. Nf1 e6 12. Nd2 exd5 13. cxd5 a6 14. a4 Rb8 15. h3
Re8 16. O-O Nh7 17. f4 Nd7 18. e5 dxe5 19. f5 gxf5 20. Rxf5 Ndf6 21. Rf1 b6 22.
Bc4 Kh8 23. Qe1 Nh5 24. Rxf7 e4 25. Ndxe4 b5 26. axb5 axb5 27. Be2 Ng3 28. Raa7
Rb7 29. Raxb7 Bxb7 30. Nxg3 hxg3 31. Qxg3 Rg8 32. Bd3 b4 33. Qg6 Qh4 34. Qxh7+
Qxh7 35. Bxh7 Kxh7 36. Rxb7 bxc3 37. bxc3 Kg6 38. c4 Re8 39. Bxc5 Rc8 40. Rb6+
Kg5 41. Rc6 Ra8 42. Kf2 Kf4 43. Re6 Rc8 44. Be3+ Kf5 45. g4# 1-0

[Event "18. Sparkassen Open 2019 - Gruppe A"]
[Site "Forchheim"]
[Date "2019.10.05"]
[Round "3.19"]
[White "Löllmann, Heinrich"]
[Black "Paeslack, Luis"]
[Result "1/2-1/2"]
[WhiteElo "1941"]
[BlackElo "1936"]
[PlyCount "70"]
[EventDate "2019.??.??"]
[WhiteTeam "SV Bubenreuth e.V."]
[BlackTeam "TV-Großostheim 1900 e.V."]

1. e4 c5 2. Nf3 Nc6 3. c4 e5 4. Nc3 d6 5. d3 Be7 6. Be2 f5 7. a3 a5 8. Bd2 Nf6
9. Qc2 O-O 10. Nd5 Nxd5 11. cxd5 Nd4 12. Nxd4 cxd4 13. O-O Bd7 14. b4 Rc8 15.
Qb2 a4 16. Rac1 Bb5 17. f3 Qd7 18. Rxc8 Rxc8 19. Rc1 f4 20. Rc2 Rxc2 21. Qxc2
Bd8 22. Bf1 h5 23. g3 g5 24. gxf4 gxf4 25. Be1 Qc7 26. Qxc7 Bxc7 27. Bh4 Kf7
28. Kf2 Bd7 29. Ke2 b5 30. Bg2 Bb6 31. Bf1 Ke8 32. Bg2 Bc7 33. Bf1 Kf7 34. Bg2
Kg6 35. Bf1 Kf7 1/2-1/2

[Event "18. Sparkassen Open 2019 - Gruppe A"]
[Site "Forchheim"]
[Date "2019.10.05"]
[Round "3.20"]
[White "Niebler, Paul"]
[Black "Sippl, Martin"]
[Result "1-0"]
[WhiteElo "1920"]
[BlackElo "2065"]
[PlyCount "75"]
[EventDate "2019.??.??"]
[BlackTeam "SC Postbauer-Heng e.V"]

1. e4 d6 2. d4 Nf6 3. Nc3 c6 4. f4 Qa5 5. Bd3 Bg4 6. Nf3 Nbd7 7. O-O e5 8. Be2
Bxf3 9. Bxf3 exd4 10. Qxd4 d5 11. Kh1 Bc5 12. Qd3 dxe4 13. Nxe4 O-O 14. Bd2 Qc7
15. Bc3 Be7 16. Ng3 Bd6 17. Nh5 Nxh5 18. Bxh5 Be7 19. Bg4 Nf6 20. Be5 Qd8 21.
Qh3 Qa5 22. Bc3 Qb6 23. Rae1 Bd8 24. Bf5 g6 25. Qh6 c5 26. Rf3 Nh5 27. Bg4 Bf6
28. Bxh5 Bxc3 29. bxc3 Rfe8 30. Rg1 Kh8 31. Rg3 Rg8 32. Bf3 f5 33. Bd5 Rg7 34.
Re3 c4 35. Rge1 Qb5 36. Re5 Qa4 37. Qg5 Rf8 38. Re7 1-0

[Event "18. Sparkassen Open 2019 - Gruppe A"]
[Site "Forchheim"]
[Date "2019.10.06"]
[Round "4.2"]
[White "Miller, Eduard"]
[Black "Hilverda, Alexander"]
[Result "1-0"]
[WhiteElo "2402"]
[BlackElo "2301"]
[PlyCount "91"]
[EventDate "2019.??.??"]
[WhiteTeam "SC Erlangen 48/88"]
[BlackTeam "SC Erlangen 48/88"]

1. c4 e5 2. Nc3 Bb4 3. Nd5 Bc5 4. b4 Bd4 5. Rb1 c6 6. Nc3 d5 7. e3 Bxc3 8. dxc3
Be6 9. Nf3 Nd7 10. cxd5 cxd5 11. Bb5 f6 12. O-O Ne7 13. Rb2 O-O 14. c4 Nb6 15.
c5 Nc4 16. Bxc4 dxc4 17. Rd2 Qc7 18. Qc2 b6 19. Rd6 Bd5 20. e4 bxc5 21. Rxd5
Nxd5 22. Qxc4 cxb4 23. Qxd5+ Qf7 24. Qa5 Qb7 25. Be3 Qxe4 26. Nd2 Qb7 27. Rb1
Rab8 28. a3 Qb5 29. Qxb4 Qxb4 30. axb4 Rf7 31. Bc5 Rb5 32. Ra1 Rd7 33. Nc4 Rd3
34. Nd6 Rb8 35. Kf1 Rd8 36. Ra6 Rd7 37. Ke2 Rb3 38. g3 Rb2+ 39. Kd3 Kf8 40. Kc3
Re2 41. Rxa7 Rxa7 42. Bxa7 Ke7 43. Nf5+ Ke6 44. Nxg7+ Kd5 45. b5 Rb2 46. Be3
1-0

[Event "18. Sparkassen Open 2019 - Gruppe A"]
[Site "Forchheim"]
[Date "2019.10.06"]
[Round "4.3"]
[White "Blum, Frederik"]
[Black "Löw, Gerald"]
[Result "1-0"]
[WhiteElo "2031"]
[BlackElo "2162"]
[PlyCount "75"]
[EventDate "2019.??.??"]
[WhiteTeam "Spvgg Böblingen"]
[BlackTeam "TSV Bindlach Aktionär"]

1. e4 d6 2. d4 Nf6 3. Nc3 e5 4. Nf3 Nbd7 5. a4 c6 6. Bc4 Be7 7. O-O O-O 8. Re1
exd4 9. Nxd4 Ne5 10. Ba2 Re8 11. h3 Bd7 12. Be3 Bf8 13. Qd2 h6 14. Rad1 a6 15.
f4 Ng6 16. Qd3 Nh5 17. Nce2 Qe7 18. e5 Nh4 19. Bf2 c5 20. Bxh4 Qxh4 21. Nf3
Nxf4 22. Nxh4 Nxd3 23. cxd3 Bxa4 24. Rc1 Rxe5 25. Nc3 Rxe1+ 26. Rxe1 Bc6 27.
Rf1 Be8 28. Ng6 b5 29. Bd5 Ra7 30. Ne4 Rd7 31. Nxf8 Kxf8 32. Ra1 f5 33. Rf1 g6
34. g4 Kg7 35. gxf5 gxf5 36. Rxf5 Bg6 37. Rf4 b4 38. Rg4 1-0

[Event "18. Sparkassen Open 2019 - Gruppe A"]
[Site "Forchheim"]
[Date "2019.10.06"]
[Round "4.4"]
[White "von Zimmermann, Georg"]
[Black "Amtmann, Florian"]
[Result "1-0"]
[WhiteElo "2051"]
[BlackElo "2113"]
[PlyCount "100"]
[EventDate "2019.??.??"]
[WhiteTeam "MSA Zugzwang 82 e.V."]
[BlackTeam "Spvgg 1946 e.V. Stetten"]

1. e4 g6 2. d4 Bg7 3. Nc3 d6 4. f4 a6 5. Nf3 b5 6. e5 e6 7. a4 b4 8. Ne4 Bb7 9.
Bd3 Ne7 10. c3 bxc3 11. bxc3 O-O 12. Ba3 Bxe4 13. Bxe4 d5 14. Bd3 Nd7 15. O-O
Re8 16. g4 c5 17. Ra2 cxd4 18. cxd4 Nb6 19. f5 Nc6 20. fxg6 fxg6 21. Qc2 Rc8
22. Qb1 Nxd4 23. Nxd4 Bxe5 24. Nf3 Bg7 25. Bb2 e5 26. Bxa6 Rb8 27. Bb5 Re6 28.
Qa1 d4 29. a5 Nd5 30. Bc4 Rc6 31. Ra4 Kh8 32. Bxd5 Qxd5 33. a6 Qe4 34. a7 Qxg4+
35. Kh1 Ra8 36. Qd1 Rc7 37. Qb3 Qc8 38. Ng5 Qb7+ 39. Rf3 h6 40. Rb4 Qxa7 41.
Rb6 e4 42. Nxe4 Qa2 43. Qxa2 Rxa2 44. Rb8+ Kh7 45. Nf6+ Bxf6 46. Rxf6 Rca7 47.
Bxd4 g5 48. Re6 Rg7 49. Bxg7 Kxg7 50. Rb7+ Kf8 1-0

[Event "18. Sparkassen Open 2019 - Gruppe A"]
[Site "Forchheim"]
[Date "2019.10.06"]
[Round "4.5"]
[White "Ammon, Tobias"]
[Black "Redzepovic, Irfan"]
[Result "1-0"]
[WhiteElo "2156"]
[BlackElo "2055"]
[PlyCount "91"]
[EventDate "2019.??.??"]
[WhiteTeam "SV Altensittenbach"]
[BlackTeam "SC Schwarz-Weiß Nürnberg Süd e.V"]

1. e4 e5 2. Nf3 Nc6 3. Nc3 Nf6 4. d4 Bb4 5. d5 Nb8 6. Bd3 d6 7. O-O Bxc3 8.
bxc3 Bg4 9. Rb1 Qc8 10. Re1 Nbd7 11. Qe2 O-O 12. Qe3 Bxf3 13. Qxf3 Nc5 14. Qg3
Rb8 15. h3 Kh8 16. Qh4 Nfd7 17. Re3 Qd8 18. Qh5 g6 19. Qg4 Qe7 20. Rf3 f5 21.
exf5 e4 22. Re3 gxf5 23. Qf4 Ne5 24. Bf1 Ng6 25. Qh6 f4 26. Re1 Rf6 27. c4 Ne5
28. Qh5 Rg8 29. Bb2 Rfg6 30. Kh1 Rg5 31. Qh6 R8g6 32. Qh4 Kg8 33. Qxf4 Qg7 34.
Bd4 Rh5 35. Re3 Rf6 36. Qh2 Qe7 37. Be2 Rg5 38. Rg3 Rgg6 39. Re1 Ned7 40. Bg4
Rf7 41. Bh5 Rg5 42. Bxf7+ Kxf7 43. Rg4 Rxg4 44. hxg4 Qg5 45. Qxh7+ Kf8 46. Qf5+
1-0

[Event "18. Sparkassen Open 2019 - Gruppe A"]
[Site "Forchheim"]
[Date "2019.10.06"]
[Round "4.6"]
[White "Englert, Jon"]
[Black "Ochs, Daniel Elias"]
[Result "1-0"]
[WhiteElo "2072"]
[BlackElo "2065"]
[PlyCount "69"]
[EventDate "2019.??.??"]
[WhiteTeam "TV-Großostheim 1900 e.V."]
[BlackTeam "Wiesbadener SV 1885"]

1. d4 d5 2. Nf3 Nf6 3. c4 e6 4. g3 Bb4+ 5. Bd2 Bd6 6. Nc3 c6 7. Qc2 Nbd7 8. e4
Nxe4 9. Nxe4 dxe4 10. Qxe4 Nf6 11. Qh4 b6 12. Ne5 Qc7 13. O-O-O Bb7 14. Bh6 Bf8
15. Bg2 O-O-O 16. Bg5 Bd6 17. Bxf6 gxf6 18. Qxf6 Bxe5 19. Qxe5 Qxe5 20. dxe5 c5
21. Bxb7+ Kxb7 22. Rxd8 Rxd8 23. Rd1 Rf8 24. Rd7+ Kb8 25. Kd2 h6 26. Ke3 f6 27.
Re7 fxe5 28. Rxe6 Rf5 29. Rxh6 e4 30. Re6 Kc7 31. Rxe4 a6 32. g4 Rf8 33. h4 Kd6
34. g5 Rf5 35. g6 1-0

[Event "18. Sparkassen Open 2019 - Gruppe A"]
[Site "Forchheim"]
[Date "2019.10.06"]
[Round "4.7"]
[White "Meulner, Klaus"]
[Black "Kolb, Tobias"]
[Result "1-0"]
[WhiteElo "2090"]
[BlackElo "2073"]
[PlyCount "59"]
[EventDate "2019.??.??"]
[WhiteTeam "SC Schwarz-Weiß Nürnberg Süd e.V"]
[BlackTeam "SV Seubelsdorf e.V."]

1. d4 d5 2. c4 e6 3. Nf3 c6 4. g3 Nf6 5. Bg2 Be7 6. O-O O-O 7. Nc3 Nbd7 8. b3
b6 9. Bb2 Bb7 10. e3 Rc8 11. Qe2 Qc7 12. Rac1 Qb8 13. Ne5 Nxe5 14. dxe5 Nd7 15.
f4 Ba6 16. Rfd1 Rfd8 17. Qg4 Nc5 18. b4 Nd7 19. b5 cxb5 20. cxd5 b4 21. Ne4
Rxc1 22. Rxc1 h5 23. Qxh5 exd5 24. Nf6+ Nxf6 25. exf6 g6 26. Qg5 Bf8 27. Bxd5
Qd6 28. Qxg6+ Kh8 29. Qh5+ Kg8 30. Be4 1-0

[Event "18. Sparkassen Open 2019 - Gruppe A"]
[Site "Forchheim"]
[Date "2019.10.06"]
[Round "4.8"]
[White "Böhme, Sebastian"]
[Black "Schulz, Lukas"]
[Result "0-1"]
[WhiteElo "2095"]
[BlackElo "2345"]
[PlyCount "106"]
[EventDate "2019.??.??"]
[WhiteTeam "SC Uttenreuth e.V."]
[BlackTeam "SC Erlangen 48/88"]

1. d4 Nf6 2. Bf4 g6 3. Nc3 d5 4. e3 Bg7 5. h4 c5 6. Nb5 Na6 7. Be2 O-O 8. Nf3
Ne4 9. Ng5 Bd7 10. Nxe4 Bxb5 11. Bxb5 dxe4 12. c3 Qb6 13. Qe2 Nc7 14. Bc4 Qc6
15. Bxc7 Qxc7 16. Bd5 cxd4 17. exd4 Bxd4 18. Bxf7+ Rxf7 19. cxd4 Qa5+ 20. Kf1
Raf8 21. Re1 Rxf2+ 22. Qxf2 Rxf2+ 23. Kxf2 Qd2+ 24. Re2 Qxd4+ 25. Ke1 Qb4+ 26.
Kd1 Qa4+ 27. Kc1 Qc4+ 28. Rc2 Qxa2 29. Re1 Qa1+ 30. Kd2 Qa5+ 31. Rc3 Qb6 32.
Kc1 Qf2 33. Rxe4 Qg1+ 34. Kd2 Qxg2+ 35. Re2 Qd5+ 36. Rd3 Qb5 37. Kc3 a5 38. Re4
a4 39. Rb4 Qc5+ 40. Rc4 Qe5+ 41. Rdd4 b5 42. Rb4 Qc5+ 43. Kd3 e5 44. Re4 h5 45.
Ke2 Kf7 46. Kf3 Ke6 47. Ke2 Kf5 48. Kf3 Qc6 49. Ke3 Qd5 50. Kf3 Qd2 51. b3 a3
52. Rxb5 Qd3+ 53. Re3 Qxb5 0-1